zpět

Detail výsledku týmu

U Lucerny ČT, Brno

Datum a čas kvízu

28 Celkem bodů Celkový počet nahraných bodů na tomto kvízu bez doplňovacích otázek.
10. Pořadí na kvízu Konečné umístění týmu na tomto kvízu.

Zaznamenané odpovědi

# Otázka Odpověď Body Výsledky
1. Ve středu se uskutečnilo letoš... Jablonec nad Nisou 0
2. O víkendu se v Rusku konaly pr... Poledne proti Putinovi 0
3. Jak se nazývá soutěžní reality... Peče celá země 1
4. Automobilka Škoda představila... Epiq 0
5. Minulý týden se stala jedna ne... Jaromír Jágr 1
6. Téma začneme v Evropě. Seřaďte... 1D 2A 3B 4C 1
7. V souvislosti s Che Guevarou s... v Argentině 0
8. Které z těchto zvířat nežije p... A 0
9. Kolik ostrovních států se nach... jeden 0
10. Jak se jmenuje ostrovní stát,... Maledivy 0